Parliament : (Record no. 42304)
[ view plain ]
| 000 -LEADER | |
|---|---|
| fixed length control field | 00980nam a2200277 a 4500 |
| 001 - CONTROL NUMBER | |
| control field | 42304 |
| 003 - CONTROL NUMBER IDENTIFIER | |
| rucl marc code | BD-RjUL |
| 005 - DATE AND TIME OF LATEST TRANSACTION | |
| control field | 20211209053524.0 |
| 008 - FIXED-LENGTH DATA ELEMENTS--GENERAL INFORMATION | |
| fixed length control field | 160611s1948 enk b 001 0 eng d |
| 035 ## - SYSTEM CONTROL NUMBER | |
| System control number | (BD-RjUL) 42422 |
| 040 ## - CATALOGING SOURCE | |
| Original cataloging agency | KSW |
| Transcribing agency | KSW |
| Language of cataloging | eng |
| Modifying agency | BD-RjUL |
| 041 ## - LANGUAGE CODE | |
| Language code of text/sound track or separate title | eng |
| 082 ## - DEWEY DECIMAL CLASSIFICATION NUMBER | |
| Edition number | 23 |
| Classification number | 328.42 |
| Author mark and year | ILP 1948-1960 |
| 100 1# - MAIN ENTRY--PERSONAL NAME | |
| Personal name | Ilbert, Courtenay, |
| Dates associated with a name | 1841-1924. |
| 9 (RLIN) | 130094 |
| 245 10 - TITLE STATEMENT | |
| Title | Parliament : |
| Remainder of title | its history, constitution and practice / |
| Statement of responsibility, etc. | Sir Courtenay Ilbert ; Revised by Sir Cecil Carr |
| 250 ## - EDITION STATEMENT | |
| Edition statement | 3rd ed. |
| 260 ## - PUBLICATION, DISTRIBUTION, ETC. (IMPRINT) | |
| Place of publication, distribution, etc. | Oxford University Press : |
| Name of publisher, distributor, etc. | London, |
| Date of publication, distribution, etc. | 1948 [Reprinted 1950-1960] |
| 300 ## - PHYSICAL DESCRIPTION | |
| Pagination | ix, 229 p. ; |
| Size | 17 cm. |
| 490 1# - SERIES STATEMENT | |
| Series statement | Home university library of modern knowledge ; |
| Volume/sequential designation | 1 |
| 500 ## - GENERAL NOTE | |
| General note | Includes index |
| 504 ## - BIBLIOGRAPHY, ETC. NOTE | |
| Bibliography, etc | Bibliography: p. 216-222 |
| 610 10 - SUBJECT ADDED ENTRY--CORPORATE NAME | |
| Corporate name or jurisdiction name as entry element | Great Britain. |
| Subordinate unit | Parliament. |
| 700 1# - ADDED ENTRY--PERSONAL NAME | |
| Personal name | Carr, Cecil T. |
| Fuller form of name | (Cecil Thomas), |
| Dates associated with a name | 1878- |
| 830 #0 - SERIES ADDED ENTRY--UNIFORM TITLE | |
| Uniform title | Home university library of modern knowledge ; |
| Volume number/sequential designation | 1. |
| 942 ## - ADDED ENTRY ELEMENTS (KOHA) | |
| Source of classification or shelving scheme | Dewey Decimal Classification |
| Koha item type | Books |
| Lost status | Source of classification or shelving scheme | Damaged status | Not for loan | Collection code | Permanent Location | Current Location | Shelving location | Date acquired | Source of acquisition | Cost, normal purchase price | Total Checkouts | Full call number | Date last seen | Copy number | Koha item type |
|---|---|---|---|---|---|---|---|---|---|---|---|---|---|---|---|
| Dewey Decimal Classification | Non-fiction | Central Library, University of Rajshahi | Central Library, University of Rajshahi | 08/12/1965 | Zeithinger | 10.60 | 328.42 ILP 1960 | 11/06/2016 | C-2 | Books | |||||
| Dewey Decimal Classification | Non-fiction | Central Library, University of Rajshahi | Central Library, University of Rajshahi | 08/12/1965 | Zeithinger | 10.60 | 328.42 ILP 1950 | 11/06/2016 | C-3 | Books | |||||
| Dewey Decimal Classification | Non-fiction | Central Library, University of Rajshahi | Central Library, University of Rajshahi | 08/12/1965 | Zeithinger | 10.60 | 328.42 ILP 1953 | 11/06/2016 | C-4 | Books | |||||
| Dewey Decimal Classification | Non-fiction | Central Library, University of Rajshahi | Central Library, University of Rajshahi | 08/12/1965 | Zeithinger | 10.60 | 328.42 ILP 1950 | 11/06/2016 | C-5 | Books |